000 00918nam a2200217Ia 4500
999 _c49768
_d49768
001 16703
003 GE_BSU
005 20230911160544.0
008 181216s1972||||ge |||||||||||||| ||geo||
040 _cGE_BSU
041 _ageo
080 _a087.5:008(100) + 087.5:572.1/4 + 087.5:94(3) ი-44
100 _aილინი, მ.
_99234
245 _aროგორ გახდა ადამიანი გოლიათი /
_cმ. ილინი; თარგმნა ინგა ავალიშვილმა.
250 _a1-ლი გამოცემა
264 _aთბილისი :
_bნაკადული,
_c1972.
300 _a172 გვ. :
_bილ. ;
_c16 სმ.
653 _aროგორ გახდა ადამიანი გოლიათი
700 _aავალიშვილი, ინგა
_eმთარგმნელი
_919797
942 _cBK
_2udc